| 000 | 00685nam a22002177a 4500 | ||
|---|---|---|---|
| 999 |
_c11882 _d11882 |
||
| 003 | AR-CdUCM | ||
| 008 | 190405b ||||| |||| 00| 0 spa d | ||
| 040 |
_aMUNICIPALIDAD PROVINCIAL DEL CUSCO _cBIBLIOTECA MUNICIPAL DEL CUSCO |
||
| 082 |
_a869.33 / _bB25 / 1935 |
||
| 100 |
_aBarrenechea, Julio _913898 |
||
| 245 | _aEspejo del sueño / | ||
| 260 |
_aSantiago de Chile : _bEdiciones Ercilla, _c1935. |
||
| 300 |
_a112 páginas ; _bgrabados, _c14 cm. |
||
| 505 | _aContenido: Poesías. | ||
| 650 |
_aLiteratura chilena _92985 |
||
| 650 |
_aPoesía _9139 |
||
| 650 |
_aSiglo XX _98 |
||
| 700 |
_aAlvial, Anibal (grabados) _929479 |
||
| 942 |
_2ddc _cLIBROS |
||
| 945 |
_aachl _d2019-04-05 |
||